000 00479cam a2200193ua 4500
020 _c20.00
041 _aeng
_h
082 _a628.3
_bBAB/SE
100 _aBabbitt, Harold.E .
245 _aSewage and sewage treatment /
_cE.Harold Babbitt.
_hTextual Documents
250 _a8 /
_b.
260 _a :
_bAsia Publishing House ,
_c1962.
300 _a790 ; .
365 _a20.00
504 _a
700 1 _aBaumann, Robert.E .
942 _cBK
999 _c2470
_d2470